| 000 | 00608nam a2200181 a 4500 | ||
|---|---|---|---|
| 001 | 000026593 | ||
| 005 | 20200930030313.0 | ||
| 008 | 110323s2007 dr ac 000 0 spa d | ||
| 020 | _a9789945430011 | ||
| 040 |
_aDO-SdBNP _bspa _cBNPHU |
||
| 100 | 1 |
_aMorla, Rafael _933792 |
|
| 245 | 1 | 0 |
_aFilosofía para pensar / _cRafael Merla. |
| 260 |
_aSanto Domingo : _bEditora La Escalera, _c2007. |
||
| 300 |
_a181 p.c : _bil., retrs. ; _c22 cm. |
||
| 500 | _aIncluye datos biográficos del autor en la contracubierta | ||
| 500 | _aIncluye referencias biobliográficas y notas al pie de las páginas | ||
| 049 | _aBNPD | ||
| 999 |
_c26085 _d26085 |
||